|
|
|
|
| LEADER |
00000nam0a2200000 4500 |
| 001 |
354057 |
| 005 |
20231102010643.0 |
| 035 |
|
|
|a (RuTPU)RU\TPU\retro\11315
|
| 090 |
|
|
|a 354057
|
| 100 |
|
|
|a 20200615d1973 km y0rusy50 ca
|
| 101 |
0 |
|
|a rus
|
| 102 |
|
|
|a RU
|
| 105 |
|
|
|a a g 001zy
|
| 200 |
1 |
|
|a Рецептурно-технологический справочник по отделочным работам
|f П. Н. Клочанов, А. Е. Суржаненко, И. Ш. Эйдинов
|
| 205 |
|
|
|a 2-е изд., доп. и испр.
|
| 210 |
|
|
|a Москва
|c Стройиздат
|d 1973
|
| 215 |
|
|
|a 320 с.
|c ил.
|
| 320 |
|
|
|a Библиогр.: с. 318
|
| 606 |
1 |
|
|a Отделочные работы
|2 stltpush
|3 (RuTPU)RU\TPU\subj\47676
|9 66598
|
| 610 |
1 |
|
|a справочники
|
| 610 |
1 |
|
|a штукатурные работы
|
| 610 |
1 |
|
|a малярные работы
|
| 610 |
1 |
|
|a обойные работы
|
| 610 |
1 |
|
|a стекольные работы
|
| 610 |
1 |
|
|a облицовка
|
| 610 |
1 |
|
|a природные камни
|
| 610 |
1 |
|
|a искусственные материалы
|
| 610 |
1 |
|
|a лепные работы
|
| 610 |
1 |
|
|a полы
|
| 610 |
1 |
|
|a устройство
|
| 675 |
|
|
|a 693.6(035)
|v 4
|
| 700 |
|
1 |
|a Клочанов
|b П. Н.
|g Петр Николаевич
|
| 701 |
|
1 |
|a Суржаненко
|b А. Е.
|g Анатолий Емельянович
|
| 701 |
|
1 |
|a Эйдинов
|b И. Ш.
|g Иосиф Шлемович
|
| 801 |
|
1 |
|a RU
|b 63413507
|c 20200615
|
| 801 |
|
2 |
|a RU
|b 63413507
|c 20201210
|g RCR
|
| 942 |
|
|
|c BK
|